|
|
|
|
| LEADER |
02138nam a2200409 a 4500 |
| 001 |
43962 |
| 003 |
BD-DhAAL |
| 005 |
20250120111739.0 |
| 008 |
250119r20242002enk d 000 0 eng d |
| 010 |
|
|
|a 2004275005
|
| 020 |
|
|
|a 9780198702221
|
| 020 |
|
|
|a 0198605161
|
| 040 |
|
|
|a DLC
|c DLC
|d DLC
|d BD-DhAAL
|
| 041 |
0 |
|
|a eng
|a fre
|
| 050 |
0 |
0 |
|a PC2640
|b .O85 2002
|
| 082 |
0 |
0 |
|a 443.21
|2 22
|
| 245 |
0 |
4 |
|a The Oxford paperback French dictionary :
|b French-English, English-French.
|
| 246 |
|
|
|a Oxford paperback French dictionary
|
| 250 |
|
|
|a Third edition.
|
| 260 |
|
|
|a Oxford :
|b Oxford University Press,
|c 2002 [reprinted 2024].
|
| 300 |
|
|
|a vii, 472 pages ;
|c 18 cm
|
| 500 |
|
|
|a "New edition"--Spine.
|
| 500 |
|
|
|a "Editors, Marianne Chalmers ... [et al.]"--P. [iii].
|
| 526 |
|
|
|a BIL
|x Dr. Tanjena Sultana Khan,
Lecturer,
BRAC Institute of Languages (BIL)
Course Name : Basic French (FRN 101)
|
| 541 |
|
|
|a R K Corporation
|e 43962, 43963, 43964
|
| 650 |
|
0 |
|a French language
|v Dictionaries
|x English.
|9 57502
|
| 650 |
|
0 |
|a English language
|v Dictionaries
|x French.
|9 57501
|
| 700 |
1 |
|
|a Chalmers, Marianne.
|9 57504
|
| 700 |
1 |
|
|a Combley,Rosalind.
|9 57505
|
| 700 |
1 |
|
|a Roux, Catherine.
|9 57506
|
| 700 |
1 |
|
|a Wedgeworth, Laura.
|9 57507
|
| 852 |
|
|
|a Ayesha Abed Library
|c Reference Section
|
| 942 |
|
|
|2 ddc
|c BK
|
| 999 |
|
|
|c 47198
|d 47198
|
| 952 |
|
|
|0 0
|1 0
|2 ddc
|4 0
|6 443_210000000000000_OXF
|7 0
|9 77181
|a BIL
|b BIL
|d 2025-01-13
|e R K Corporation
|g 670.00
|l 0
|o 443.21 OXF
|p 3010043963
|r 2025-01-13
|t 2
|v 670.00
|w 2025-01-13
|y BK
|x Requisitioned by Dr. Tanjena Sultana Khan for the course named- "Basic French (FRN 101)".
|
| 952 |
|
|
|0 0
|1 0
|2 ddc
|4 0
|6 443_210000000000000_OXF
|7 0
|9 77182
|a BIL
|b BIL
|d 2025-01-13
|e R K Corporation
|g 670.00
|l 0
|o 443.21 OXF
|p 3010043962
|r 2025-01-13
|t 1
|v 670.00
|w 2025-01-13
|y BK
|x Requisitioned by Dr. Tanjena Sultana Khan for the course named- "Basic French (FRN 101)".
|
| 952 |
|
|
|0 0
|1 0
|2 ddc
|4 0
|6 443_210000000000000_OXF
|7 0
|9 77183
|a BIL
|b BIL
|d 2025-01-13
|e R K Corporation
|g 670.00
|l 0
|o 443.21 OXF
|p 3010043964
|r 2025-01-13
|t 3
|v 670.00
|w 2025-01-13
|y BK
|x Requisitioned by Dr. Tanjena Sultana Khan for the course named- "Basic French (FRN 101)".
|